000 00785cab a2200205 4500
001 L136593
008 070209n2007 000 0 eng u
035 _a(Sirsi) u136593
041 0 _aeng
100 1 _aMurdoch, John
245 0 0 _aWho is to take the blame?
260 _c2007
490 0 0 _aEstates Gazette
_v(0705) 3 February 2007, 305(1)
520 _aExamines the liability of occupiers for those visiting their premises. Argues that the standard of care will vary according to each instance and gives examples of cases in which visitors are invited to participate in a dangerous activity.
590 _aKA
650 2 4 _aOCCUPIERS' LIABILITY ACT 1957
651 4 _aEngland
_y886-
690 _aMANAGEMENT-BUSINESS MANAGEMENT-PROFESSIONAL PRACTICE-NEGLIGENCE
942 _n0
999 _c78361
_d78361